Central Library OPAC University of Rajshahi

The planets : (Record no. 8915)

MARC details
000 -LEADER
fixed length control field 00858nam a22002532 4500
001 - CONTROL NUMBER
control field 8915
003 - CONTROL NUMBER IDENTIFIER
rucl marc code BD-RjUL
005 - DATE AND TIME OF LATEST TRANSACTION
control field 20211208234659.0
008 - FIXED-LENGTH DATA ELEMENTS--GENERAL INFORMATION
fixed length control field 140119s1952 enk 000 0 eng d
035 ## - SYSTEM CONTROL NUMBER
System control number (BD-RjUL)8960
-- OCLC ocm12858988 from D971110M
040 ## - CATALOGING SOURCE
Original cataloging agency EUN
Transcribing agency EUN
Modifying agency UKM
-- EQO
-- BD-RjUL
Language of cataloging eng
041 ## - LANGUAGE CODE
Language code of text/sound track or separate title eng
082 04 - DEWEY DECIMAL CLASSIFICATION NUMBER
Classification number 523.2
Edition number 18
Author mark and year URP 1952
100 1# - MAIN ENTRY--PERSONAL NAME
Personal name Urey, Harold Clayton,
Dates associated with a name 1893-1981
9 (RLIN) 27699
245 14 - TITLE STATEMENT
Title The planets :
Remainder of title their origin and development /
Statement of responsibility, etc. by Harold C. Urey.
260 ## - PUBLICATION, DISTRIBUTION, ETC. (IMPRINT)
Place of publication, distribution, etc. London :
Name of publisher, distributor, etc. Oxford University Press,
Date of publication, distribution, etc. 1952.
300 ## - PHYSICAL DESCRIPTION
Pagination xvii, 245 p. :
Illustrations ill. ;
Size 24 cm.
490 1# - SERIES STATEMENT
Series statement Yale University. Mrs. Hepsa Ely Silliman memorial lectures ;
Volume/sequential designation 1951
504 ## - BIBLIOGRAPHY, ETC. NOTE
Bibliography, etc Includes index.
650 #0 - SUBJECT ADDED ENTRY--TOPICAL TERM
Topical term or geographic name as entry element Planetary theory.
9 (RLIN) 27700
830 #0 - SERIES ADDED ENTRY--UNIFORM TITLE
Volume number/sequential designation 1951.
Uniform title Mrs. Hepsa Ely Silliman memorial lectures ;
942 ## - ADDED ENTRY ELEMENTS (KOHA)
Source of classification or shelving scheme Dewey Decimal Classification
Koha item type Books
Holdings
Lost status Source of classification or shelving scheme Damaged status Not for loan Collection code Permanent Location Current Location Shelving location Date acquired Source of acquisition Cost, normal purchase price Total Checkouts Full call number Date last seen Copy number Koha item type
  Dewey Decimal Classification   Not For Loan Non-fiction Central Library, University of Rajshahi Central Library, University of Rajshahi   07/02/1958 Oxford University Press. 24.60   523.2 URP 1952 19/01/2014 C-1 Books